Informe Final

Salvato in:
Dettagli Bibliografici
Autore principale: Trejos Solórzano, Juan Diego
Ente Autore: Universidad de Costa Rica. Instituto de Investigaciones en Ciencias Económicas
Natura: testo
Pubblicazione: San José
Tags: Aggiungi Tag
Nessun Tag, puoi essere il primo ad aggiungerne!!

MARC

LEADER 00000 a a2200000 04500
001 28456
003
040
090 |a 188900  
100 |a Trejos Solórzano, Juan Diego  
110 |a Universidad de Costa Rica. Instituto de Investigaciones en Ciencias Económicas  
245 |a Informe Final  
260 |a San José  
300 |a 42 p   |b **no definido**   |b fonodiscos  
999 |c 6117  |d 6117